Soviet nationalities policy in practice, (Record no. 1789)

MARC details
000 -LEADER
fixed length control field 00878cam a22002891 4500
001 - CONTROL NUMBER
control field 9891121
003 - CONTROL NUMBER IDENTIFIER
control field OSt
005 - DATE AND TIME OF LATEST TRANSACTION
control field 20230620143113.0
008 - FIXED-LENGTH DATA ELEMENTS--GENERAL INFORMATION
fixed length control field 731213s1967 enka b 000 0 eng
010 ## - LIBRARY OF CONGRESS CONTROL NUMBER
LC control number 67104163
015 ## - NATIONAL BIBLIOGRAPHY NUMBER
National bibliography number B67-18364
035 ## - SYSTEM CONTROL NUMBER
System control number (OCoLC)759407
040 ## - CATALOGING SOURCE
Original cataloging agency DLC
Transcribing agency MeU-P
Modifying agency OCoLC
-- Uk
-- DLC
042 ## - AUTHENTICATION CODE
Authentication code premarc
082 ## - DEWEY DECIMAL CLASSIFICATION NUMBER
Classification number 323.147
Item number CON
100 1# - MAIN ENTRY--PERSONAL NAME
Personal name Conquest, Robert.
245 10 - TITLE STATEMENT
Title Soviet nationalities policy in practice,
Statement of responsibility, etc. edited by Robert Conquest.
260 ## - PUBLICATION, DISTRIBUTION, ETC. (IMPRINT)
Place of publication, distribution, etc. London,
-- Sydney [etc.]
Name of publisher, distributor, etc. Bodley Head,
Date of publication, distribution, etc. 1967.
300 ## - PHYSICAL DESCRIPTION
Extent 160 p.
Other physical details tables
Dimensions 23 cm.
490 1# - SERIES STATEMENT
Series statement His Soviet studies series
504 ## - BIBLIOGRAPHY, ETC. NOTE
Bibliography, etc Bibliography: p. 152-160.
650 #0 - SUBJECT ADDED ENTRY--TOPICAL TERM
Topical term or geographic name as entry element Minorities
Geographic subdivision Soviet Union.
650 #0 - SUBJECT ADDED ENTRY--TOPICAL TERM
Topical term or geographic name as entry element Nationalism and socialism.
800 1# - SERIES ADDED ENTRY--PERSONAL NAME
Personal name Conquest, Robert.
Title of a work Soviet studies series.
906 ## - LOCAL DATA ELEMENT F, LDF (RLIN)
a 7
b cbc
c oclcrpl
d u
e ncip
f 19
g y-gencatlg
942 ## - ADDED ENTRY ELEMENTS (KOHA)
Source of classification or shelving scheme Dewey Decimal Classification
Koha item type Books
Holdings
Withdrawn status Lost status Source of classification or shelving scheme Damaged status Not for loan Home library Current library Date acquired Total Checkouts Full call number Barcode Date last seen Price effective from Koha item type
    Dewey Decimal Classification     County Hall Archives County Hall Archives 06/20/2023   323.147 CON 10002166 06/20/2023 06/20/2023 Books
LIBRARY OPENING HOURS

When the Parliament is sitting: 8.00a.m - 7.00p.m or until the house adjourns
Mondays and Fridays and when the House is on Recess:  8.00a.m - 5.00p.m
Closed on Weekends and Public Holidays

Online Public Access Catalog (OPAC)
Website: http://www.parliament.go.ke
Bunge Library: https://libraryir.parliament.go.ke
Contact: library@parliament.go.ke | Tel no: (254-2)2221291 or 2848000 Ext 5043